{"text_format":"3","workbook":"xlsx","n_sheets":1,"sheets":["Sheet1"],"read":"whole","date_system":"1900"}

{"sheet":"Sheet1","index":0,"n_rows":39,"n_cols":7,"rows_kept":39,"merged":[[0,0,0,6],[2,1,19,1],[20,1,29,1],[30,1,32,1],[33,1,33,2],[33,3,33,6],[34,1,34,2],[34,3,34,6],[35,1,35,2],[35,3,35,6],[36,1,36,2],[36,3,36,6],[37,1,37,2],[37,3,37,6],[38,0,38,6]]}
["建投邻里汇·莲花路项目4月活动报价清单"]
["序号","项目","内容","数量","单位","不含税单价（元）","不含税总价\n（元）"]
[1,"第二届亲子运动会","铁马围栏及一米线，由物业提供",1,"项",0,{"$f":"D3*F3","v":0}]
[2,null,"桁架背景及黑胶喷绘，9*3米",27,"平方",45,{"$f":"D4*F4","v":1215}]
[3,null,"工作证：裁判/工作人员等使用，吊绳+pvc双面雕刻",15,"个",5,{"$f":"D5*F5","v":75}]
[4,null,"号码贴：1-100号，每个号码2张，10cm白胶车贴",300,"张",0.3,90]
[5,null,"主持人：专业主持人，半天",1,"人次",1000,1000]
[6,null,"裁判员：指定规则及现场指导",6,"人",200,1200]
[7,null,"计时员：配合全天活动计时",4,"人次",160,640]
[8,null,"计分员：配合全天活动计分、统分",4,"人次",160,640]
[9,null,"兼职：协助摆放及回收比赛道具",4,"人次",160,640]
[10,null,"儿童及成人对抗服，印制建投邻里汇logo（库存）",1,"项",0,0]
[11,null,"游戏道具：套大鹅头套及套圈",4,"组",60,240]
[12,null,"游戏道具：欢乐抖球套装，含球、盒子、绑带及服饰等",4,"组",60,240]
[13,null,"运动会伴手礼（水杯）",100,"个",13,1300]
[14,null,"一等奖：山地自行车*1,永久/凤凰/飞鸽26英寸21速",1,"辆",800,800]
[15,null,"一等奖：山地自行车*1,永久/凤凰/飞鸽24英寸21速",1,"辆",800,800]
[16,null,"二等奖：作业帮D2S点读笔*2",4,"支",300,{"$f":"D18*F18","v":1200}]
[17,null,"三等奖：文具品牌书包*3",6,"个",150,{"$f":"D19*F19","v":900}]
[18,null,"塑料方凳采购",50,"个",25,1250]
[19,"零食大作战\n（4月4日-6日）","背景桁架3*2.4米+黑胶喷绘",7.2,"平方",45,{"$f":"D21*F21","v":324}]
[20,null,"零食池搭建，四面桁架+龙卡板+地贴，总尺寸2.4*2米*高0.6米",1,"项",1000,1000]
[21,null,"超大木铲",1,"项",120,120]
[22,null,"乐事薯片12g混合口味320包",320,"包",1.3,416]
[23,null,"尖角脆10g1000包",1000,"包",0.3,300]
[24,null,"咪咪虾条10g320包",320,"包",0.5,160]
[25,null,"上好佳鲜虾条5g1000包",1000,"包",0.65,650]
[26,null,"三只松鼠千层吐司",200,"个",1.5,300]
[27,null,"海洋球1000个（租赁3天）",1000,"个",0.3,300]
[28,null,"兼职人员（全天）",3,"人",160,480]
[31,"邻里会员日","理发师（下午场）",1,"人",800,800]
[32,null,"免费缝补",1,"人",600,600]
[33,null,"钛铝合金+钢化玻璃展示柜定制80*40*90cm，含安装",1,"项",700,700]
[34,"不含税合计",null,{"$f":"SUM(G3:G33)","v":18380}]
[35,"下浮率",null,{"v":0,"d":"0%"}]
[36,"下浮后不含税金额",null,{"$f":"D34*(1-D35)","v":{"v":18380,"d":"18,380.00"}}]
[37,"税率（按实际开票税率填写）",null,{"v":0,"d":"0%"},null,null,{"$f":"D35*0.06","v":{"v":0,"d":"0%"}}]
[38,"含税金额合计",null,{"$f":"D36*(1+D37)","v":{"v":18380,"d":"18,380.00"}}]
["注：报价清单仅需填写标黄部分，其他内容不允许改动"]